Il plagio

Đã lưu trong:
Chi tiết về thư mục
Tác giả chính: Hunter, Evan
Định dạng: Sách
Ngôn ngữ:Tiếng Anh
Các nhãn: Thêm thẻ
Không có thẻ, Là người đầu tiên thẻ bản ghi này!

MARC

LEADER 00000nam a2200000 4500
001 CDOM0000002854
003 mi
005 20250921144213.0
008 250921b |||||||| |||| 00| 0 eng d
040 |c mi 
100 |a Hunter, Evan 
245 1 |a Il plagio  
942 |2 ddc  |c BK 
952 |0 0  |1 0  |2 ddc  |4 0  |7 0  |9 6287  |a MI  |b MI  |d 2006-11-22  |i 5276  |l 0  |p CDOM5276  |r 2025-07-13 16:28:00  |w 2025-07-13  |y BK 
999 |c 5039  |d 5039